00504 2200181 4500001002100000005001500021035002000036007000300056008004100059020002200100082000800122084001400130100003100144245006700175260004800242300002200290600001000312INLIS00000000000086620220610100129 a0010-0622000010ta220610 d f ind  a978-602-03-0545-5 a895 a895 SAL b0 aSalsabiela Rais dkk, Hanum1 aBulan Terbelah di Langit Amerika /cHanum Salsabiela Rais, dkk aJakarta :bPT Gramedia Pustaka Utama,c2014 a256 hlm. ;c20 cm 4aNovel